000 00863cam a2200313 4500500
005 20260329005116.0
041 _afre
042 _adc
100 1 0 _aRobert, Joséphine
_eauthor
245 0 0 _aOn ira tous au paradis (virtuel) ?
260 _c2022.
500 _a77
690 _aAlgorithme
690 _aBig data
690 _aBonheur
690 _aDavid Chalmers
690 _aDéterminisme
690 _aDonnées
690 _aIllusion
690 _aIntelligence Artificielle
690 _alucidité
690 _aMétavers
690 _aPatrice Maniglier
690 _aPrévision
690 _aRobert Nozick
690 _aVirtuel
786 0 _nPhilosophie magazine | 161 | 8 | 2022-07-01 | p. 29-29 | 1951-1787
856 4 1 _uhttps://shs.cairn.info/magazine-philosophie-magazine-2022-8-page-29?lang=fr&redirect-ssocas=7080
999 _c1840373
_d1840373